Sophie ou la fin des combats

Uloženo v:
Podrobná bibliografie
Hlavní autor: Troyat, Henri (Autor)
Médium: Kniha
Jazyk:francouzština
Vydáno: París Flammarion 1963
Edice:<La >Lumière des Justes, 5
Témata:
Tagy: Přidat tag
Žádné tagy, Buďte první, kdo vytvoří štítek k tomuto záznamu!

MARC

LEADER 00000nam a2200000 a 4500
001 UCU0778
003 CL-VaPUC
008 960329e19630000FR |||||||||||||||||fre|d
082 0 4 |a 843  |b TRO  |2 21 
100 0 |a Troyat, Henri  |e author  |9 356188 
245 1 0 |a Sophie ou la fin des combats 
300 |a 300 p 
942 |c BK 
945 |d 19960329 00:00:00  |a rleighto 
260 |a París  |b Flammarion  |c 1963 
650 0 |a Novela francesa  |9 264985 
583 |a last modification  |c 19960329 00:00:00  |k Rodrigo Vera 
490 0 |a <La >Lumière des Justes, 5 
999 |c 245587  |d 245585 
952 |0 0  |1 0  |4 0  |6 843_000000000000000_TRO_1963  |7 0  |8 A  |9 260135  |a BIBEDU  |b BIBEDU  |d 2019-11-19  |i 3186873  |o 843 TRO 1963  |p 3186873  |r 2019-11-19  |w 2019-11-19  |y BK  |k LIT